Municípios do Maranhão em um Mapa - Statistics

Estatísticas Gerais
  • Esse quiz foi jogado 2 920 vezes
  • A pontuação média é 59 de 217
Respostas no mapa
Respostas codificadas por cores de uma escala verde-vermelha no mapa do quiz de acordo com a % correta abaixo.
 
Estatísticas das Respostas
Município % Correto
São Luís
93%
Imperatriz
84%
Açailândia
69%
Balsas
69%
Caxias
68%
Codó
67%
Bacabal
66%
São José de Ribamar
62%
Timon
62%
Barreirinhas
58%
Santa Inês
56%
Raposa
53%
Buriti
52%
Alcântara
51%
Barra do Corda
50%
Carolina
50%
Nova Iorque
50%
Paço do Lumiar
50%
Grajaú
48%
Pinheiro
47%
Chapadinha
45%
Estreito
45%
Santa Luzia
45%
Buriticupu
42%
Coroatá
42%
Presidente Dutra
42%
Zé Doca
42%
Bacabeira
41%
Itapecuru-Mirim
41%
Tutóia
41%
Viana
41%
Lago da Pedra
39%
Araioses
38%
Rosário
38%
Tuntum
38%
Alto Parnaíba
37%
Arari
37%
Santa Rita
37%
Pedreiras
36%
Brejo
35%
Colinas
35%
Matões
35%
Morros
35%
Arame
34%
Axixá
34%
Carutapera
34%
Coelho Neto
34%
Cururupu
33%
Peritoró
33%
Alto Alegre do Maranhão
32%
Maranhãozinho
32%
Miranda do Norte
32%
Presidente Sarney
32%
São Mateus do Maranhão
32%
Bom Jardim
31%
Icatu
31%
Riachão
31%
Santa Helena
31%
Santo Amaro do Maranhão
31%
São Bento
31%
Vitória do Mearim
31%
Maracaçumé
30%
Turiaçu
30%
Alto Alegre do Pindaré
29%
Bacuri
29%
Buriti Bravo
29%
Dom Pedro
29%
Pindaré-Mirim
29%
Pio XII
29%
Anajatuba
28%
Bequimão
28%
Humberto de Campos
28%
Penalva
28%
Porto Franco
28%
São João dos Patos
28%
Turilândia
28%
Altamira do Maranhão
27%
Amarante do Maranhão
27%
Centro Novo do Maranhão
27%
Governador Nunes Freire
27%
Guimarães
27%
Santa Luzia do Paruá
27%
Apicum-Açu
26%
Cedral
26%
Mirador
26%
Vitorino Freire
26%
Aldeias Altas
25%
Amapá do Maranhão
25%
Bom Jesus das Selvas
25%
Godofredo Viana
25%
Matinha
25%
Matões do Norte
25%
Pastos Bons
25%
Paulino Neves
25%
Trizidela do Vale
25%
Vargem Grande
25%
Davinópolis
24%
Esperantinópolis
24%
Fernando Falcão
24%
Governador Edison Lobão
24%
Itinga do Maranhão
24%
Nova Olinda do Maranhão
24%
Presidente Médici
24%
Primeira Cruz
24%
Afonso Cunha
23%
Barão de Grajaú
23%
Belágua
23%
Boa Vista do Gurupi
23%
Buritirana
23%
Cajapió
23%
Centro do Guilherme
23%
Lago do Junco
23%
Mirinzal
23%
São Pedro da Água Branca
23%
Tasso Fragoso
23%
Araguanã
22%
Bom Lugar
22%
Cajari
22%
Cândido Mendes
22%
Central do Maranhão
22%
Governador Newton Bello
22%
Monção
22%
São Bernardo
22%
São Domingos do Maranhão
22%
Timbiras
22%
Urbano Santos
22%
Água Doce do Maranhão
21%
Anapurus
21%
Cantanhede
21%
Governador Archer
21%
Igarapé do Meio
21%
João Lisboa
21%
Junco do Maranhão
21%
Mata Roma
21%
Olinda Nova do Maranhão
21%
Peri Mirim
21%
Presidente Juscelino
21%
Presidente Vargas
21%
São Domingos do Azeitão
21%
Tufilândia
21%
Bacurituba
20%
Cidelândia
20%
Fortaleza dos Nogueiras
20%
Lago dos Rodrigues
20%
Loreto
20%
Marajá do Sena
20%
Parnarama
20%
Santa Quitéria do Maranhão
20%
São Pedro dos Crentes
20%
São Raimundo das Mangabeiras
20%
Benedito Leite
19%
Brejo de Areia
19%
Capinzal do Norte
19%
Itaipava do Grajaú
19%
Joselândia
19%
Lago Verde
19%
Nina Rodrigues
19%
Bela Vista do Maranhão
18%
Cachoeira Grande
18%
Campestre do Maranhão
18%
Formosa da Serra Negra
18%
Fortuna
18%
Gonçalves Dias
18%
Graça Aranha
18%
Igarapé Grande
18%
Passagem Franca
18%
Paulo Ramos
18%
Governador Eugênio Barros
17%
Jenipapo dos Vieiras
17%
Lagoa Grande do Maranhão
17%
Lajeado Novo
17%
Lima Campos
17%
Luís Domingues
17%
Olho d'Água das Cunhãs
17%
Paraibano
17%
Pedro do Rosário
17%
São Félix de Balsas
17%
São João Batista
17%
São Vicente Ferrer
17%
Conceição do Lago Açu
16%
Duque Bacelar
16%
Jatobá
16%
Montes Altos
16%
Pirapemas
16%
Poção de Pedras
16%
Porto Rico do Maranhão
16%
Santo Antônio dos Lopes
16%
São João do Caru
16%
São João do Soter
16%
Sucupira do Norte
16%
Bernardo do Mearim
15%
Palmeirândia
15%
São Luís Gonzaga do Maranhão
15%
São Raimundo do Doca Bezerra
15%
Vila Nova dos Martírios
15%
Feira Nova do Maranhão
14%
Governador Luiz Rocha
14%
Lagoa do Mato
14%
Magalhães de Almeida
14%
Nova Colinas
14%
Ribamar Fiquene
14%
São Francisco do Maranhão
14%
Serrano do Maranhão
14%
Sucupira do Riachão
14%
Santa Filomena do Maranhão
13%
Satubinha
13%
Senador La Rocque
13%
Sítio Novo
13%
Milagres do Maranhão
12%
Sambaíba
12%
Santana do Maranhão
12%
São Benedito do Rio Preto
12%
São Roberto
12%
São João do Paraíso
11%
São Francisco do Brejão
10%
Senador Alexandre Costa
10%
São José dos Basílios
8%
Nenhum quiz correspondente encontrado
Distribuição das Pontuações
Porcentagem de Pessoas com Cada Pontuação
Percentil de Números Respondidos
Sua Pontuação Histórica
Você não jogou esse quiz